00633cam a2200205ua 4500001000400000008003900004040000900043082001000052245009100062250000900153260003900162300002100201653002300222653001200245700002200257700001800279942000700297999001300304952011000317382110331n ii |||gr||||Z||||||eng cMAIN a320.51 aPolitical science theory. : bprinciples of political scioence. / cBy L N Srivastava. a9th. aNew Delhi.:bSBD enterprises.,987. avi, 498 p.:6 cm. aPolitical science. aTheory.1 aSrivastava, L N.,1 aMukhi, H. R., cBK c328d328 00104070aMAINbMAINcGEN | 2d2020-09-19l0o320.5 | SRIp1125r2020-09-19 00:00:00t1w2020-09-19yBK